| 000 | nam a22 a 4500 | ||
|---|---|---|---|
| 999 |
_c3861 _d3861 |
||
| 005 | 20170524100133.0 | ||
| 008 | 170524b1984 ilu||||| |||| 00| 0 eng d | ||
| 020 | _a0673158977 | ||
| 040 | _aAKMAL | ||
| 082 | _a808.042 TIB | ||
| 090 |
_a808.042 _bTIB |
||
| 100 |
_aTibbetts, Charlene. _97621 |
||
| 245 |
_aStrategies _ba rhetoric and reader / _cCharlene Tibbetts, A.M. Tibbetts. |
||
| 250 | _a2nd ed. | ||
| 260 |
_aGlenview, Ill _bScott, Foresman _cc1984. |
||
| 300 |
_axiv, 354 p. _bill. (some col.) _c24cm |
||
| 500 | _aIncludes index. | ||
| 504 | _aIncludes bibliographical references. | ||
| 650 |
_aEnglish language _xRhetoric _91467 |
||
| 700 |
_aTibbetts, A. M. _97622 |
||
| 942 |
_2ddc _cBOOK |
||